000
00322nam a2200121 a 4500
001
4140
005
20140414131854.0
008
090218s19uu xx 00 eng d
050
_a
M 823
_b
D83 2005
100
_a
Driggs, Scout
245
_a
The Chronicles of Narnia :
_b
the lion, the witch and the wardrobe.
999
_c
110350
_d
110350